| 000 | 00000nam##2200000za#4500 |
| 001 | 9.625396 |
| 003 | CaOODSP |
| 005 | 20220808101246 |
| 007 | ta |
| 008 | 150406|2001||||xxc||||| f|0| 0 fre|d |
| 020 | |a0-662-84934-5 |
| 040 | |aCaOODSP|bfre |
| 043 | |an-cn--- |
| 086 | 1 |aEn40-215/57F |
| 110 | 1 |aCanada. |bEnvironnement Canada. |
| 245 | 13|aLe nonylphénol et ses dérivés éthoxylés |
| 260 | |aOttawa - Ontario : |bEnvironnement Canada |c2001. |
| 300 | |aix, 105p. : |bgraphiques, références, tableaux ; |c28 cm. |
| 490 | 1 |aListe des substances d'intérêt prioritaire: rapport d'évaluation |
| 563 | |aReliure à spirale |
| 590 | |a01-28|b2001-07-13 |
| 691 | 07|aProduit chimique|2gcpds |
| 691 | 07|aProduit toxique|2gcpds |
| 691 | 07|aToxicologie|2gcpds |
| 691 | 07|aImpact sur l'environnement|2gcpds |
| 776 | 0#|tLe nonylphénol et ses dérivés éthoxylés / |w(CaOODSP)9.601991 |
| 830 | #0|aListe des substances d'intérêt prioritaire, rapport d'évaluation.|w(CaOODSP)9.512966 |